00921nam a2200253 a 450000100100000000500170001000800410002704000250006808200220009310000410011524500670015625000210022326000400024430000210028450000570030559000260036265000240038865000360041265000170044865000280046591000370049395201200053099900170065000001654120240514195118.0100308s2000 dr 000 0 spa d aDO-SdBNPbspacBNPHU a612.3bE74n, 20001 aEscaño Polanco, Félix Ml.93678810aNutrición y calidad de vida /cFélix Ml. Escaño Polanco. a2. ed. ampliada. aSanto Domingo :bCentenario,c2000. a128 p. ;c24 cm. aIncluye datos biográficos del autor en las solapas aInventariado, 2018/LP 0aNutrición 912779 4aTrastornos nutricionales936789 4aDieta930867 0a Calidad de vida985379 aValidado. Control de calidad MFF 0010718PDaPDbPDcHDd2010-03-08iLF1l0o612.3 E74n, 2000p16541-10r2020-06-25w2020-06-25yLFPDZNo se presta c16074d16074